[Event "AUS-ch"]
[Site "Adelaide"]
[Date "2024.01.08"]
[Round "8"]
[White "Jordan, William J"]
[Black "Dragicevic, Domagoj"]
[Result "0-1"]
[WhiteElo "2143"]
[BlackElo "2040"]
[PlyCount "136"]
[EventDate "2024.01.02"]
[EventType "swiss"]
[EventRounds "11"]
[EventCountry "AUS"]
[SourceTitle "CB03_2024"]
[SourceDate "2024.01.17"]
[SourceVersion "1"]
[SourceVersionDate "2024.01.17"]
[SourceQuality "1"]

1. e4 e5 2. Nf3 Nc6 3. Bb5 a6 4. Ba4 b5 5. Bb3 Na5 6. 0-0 d6 7. d4 exd4 8. Nxd4 Bb7 9. c4 c5 10. Nf3 Nf6 11. Nc3 Nxb3 12. axb3 b4 13. Nd5 Nxd5 14. cxd5 Be7 15. Nd2 0-0 16. Nc4 a5 17. Bf4 f5 18. f3 fxe4 19. fxe4 Ba6 20. Qc2 Bxc4 21. Qxc4 Bg5 22. e5 Bxf4 23. Rxf4 Rxf4 24. Qxf4 dxe5 25. Qxe5 Qf6 26. Qxf6 gxf6 27. Rc1 Rc8 28. Kf2 Kf7 29. Ke3 Ke7 30. Ke4 Kd6 31. Rf1 Re8+ 32. Kd3 Kxd5 33. Rf5+ Re5 34. Rxf6 Rg5 35. g3 h5 36. Rh6 Re5 37. Rh8 Kc6 38. Rg8 Rd5+ 39. Ke3 Re5+ 40. Kd3 Rd5+ 41. Kc2 Rf5 42. Rd8 Rf2+ 43. Rd2 Rf3 44. Rg2 Kb5 45. h3 h4 46. gxh4 Rxh3 47. Rg4 Rh2+ 48. Kb1 a4 49. bxa4+ Kxa4 50. Rc4 Kb3 51. Rxc5 Rxh4 52. Rc1 Rh2 53. Rg1 Rxb2+ 54. Ka1 Rd2 55. Kb1 Ka3 56. Rg8 Rf2 57. Rh8 Rf1+ 58. Kc2 b3+ 59. Kc3 Rf3+ 60. Kd2 b2 61. Kc2 Rf2+ 62. Kc3 Ka2 63. Rb8 Kb1 64. Rh8 Rf3+ 65. Kd2 Ka2 66. Ra8+ Ra3 67. Rxa3+ Kxa3 68. Kc2 Ka2 0-1

[Event "AUS-ch"]
[Site "Adelaide"]
[Date "2024.01.03"]
[Round "3"]
[White "Ryjanova, Julia"]
[Black "Jordan, William J"]
[Result "1-0"]
[WhiteElo "2285"]
[BlackElo "2143"]
[PlyCount "65"]
[EventDate "2024.01.02"]
[EventType "swiss"]
[EventRounds "11"]
[EventCountry "AUS"]
[SourceTitle "CB03_2024"]
[SourceDate "2024.01.17"]
[SourceVersion "1"]
[SourceVersionDate "2024.01.17"]
[SourceQuality "1"]

1. d4 Nf6 2. c4 g6 3. g3 c6 4. Bg2 d5 5. cxd5 cxd5 6. Nf3 Bg7 7. Nc3 0-0 8. Ne5 Nbd7 9. 0-0 e6 10. f4 Ne8 11. b3 f6 12. Nd3 Nb8 13. Ba3 Rf7 14. Rc1 Nc6 15. e3 Nd6 16. g4 Bf8 17. Bxd6 Bxd6 18. f5 gxf5 19. gxf5 Rg7 20. fxe6 Bxe6 21. Nf4 Bf7 22. Kh1 Kh8 23. Qf3 Ne7 24. Nh5 Bxh5 25. Qxh5 Rc8 26. Bh3 f5 27. Ne2 Ba3 28. Rxc8 Qxc8 29. Bxf5 Qg8 30. Bh3 Rg5 31. Qf3 Bd6 32. Qf6+ Qg7 33. Qxd6 1-0

[Event "AUS-ch"]
[Site "Adelaide"]
[Date "2024.01.02"]
[Round "1"]
[White "Annapureddy, Rheyansh Reddy"]
[Black "Jordan, William J"]
[Result "0-1"]
[WhiteElo "1866"]
[BlackElo "2143"]
[PlyCount "116"]
[EventDate "2024.01.02"]
[EventType "swiss"]
[EventRounds "11"]
[EventCountry "AUS"]
[SourceTitle "CB03_2024"]
[SourceDate "2024.01.17"]
[SourceVersion "1"]
[SourceVersionDate "2024.01.17"]
[SourceQuality "1"]

1. e4 Nf6 2. e5 Nd5 3. d4 d6 4. c4 Nb6 5. exd6 exd6 6. Nc3 Be7 7. h3 0-0 8. Nf3 Nc6 9. Be2 Bf5 10. 0-0 Bf6 11. Be3 d5 12. c5 Nc8 13. Qd2 h6 14. Rfe1 N8e7 15. Bd3 Qd7 16. Bf4 Bxd3 17. Qxd3 Nb4 18. Qd2 c6 19. Be5 Qf5 20. Bxf6 Qxf6 21. Ne5 Qf5 22. Re2 Ng6 23. a3 Na6 24. Re3 Nc7 25. Rae1 Rae8 26. b4 Qg5 27. Nf3 Qf5 28. Rxe8 Rxe8 29. Rxe8+ Nxe8 30. a4 a6 31. Kh2 Nc7 32. Qe2 Ne6 33. b5 axb5 34. axb5 Nxd4 35. Nxd4 Qf4+ 36. g3 Qxd4 37. Qe3 Ne5 38. Qxd4 Nf3+ 39. Kg2 Nxd4 40. b6 Kf8 41. f4 Ke7 42. Kf2 Ke6 43. g4 Nb3 44. Ne2 Nxc5 45. Nd4+ Kf6 46. h4 Nd7 47. g5+ hxg5 48. hxg5+ Kg6 49. Kf3 Nxb6 50. Kg4 c5 51. Nf5 Nc8 52. Ne3 d4 53. Nc4 f6 54. f5+ Kf7 55. g6+ Ke7 56. Na5 Nd6 57. Kf4 c4 58. Kf3 Kd7 0-1

[Event "Oceania zt 3.6"]
[Site "Melbourne"]
[Date "2023.01.25"]
[Round "5"]
[White "Dai, Cheng"]
[Black "Jordan, William J"]
[Result "1/2-1/2"]
[WhiteElo "1972"]
[BlackElo "2181"]
[PlyCount "113"]
[EventDate "2023.01.23"]
[EventType "swiss"]
[EventRounds "9"]
[EventCountry "AUS"]
[SourceTitle "CBM 212 Extra"]
[Source "ChessBase"]
[SourceDate "2023.03.31"]
[SourceVersion "1"]
[SourceVersionDate "2023.03.31"]
[SourceQuality "1"]

1. d4 Nf6 2. c4 g6 3. Nf3 Bg7 4. g3 0-0 5. Bg2 c6 6. Nc3 d5 7. cxd5 cxd5 8. 0-0 Ne4 9. Qb3 Nxc3 10. bxc3 Nc6 11. Nd2 e6 12. e4 Na5 13. Qc2 Qc7 14. Qd3 Rd8 15. e5 Bd7 16. Ba3 Ba4 17. Rfc1 Rac8 18. Rab1 h5 19. Bd6 Qd7 20. Bf1 a6 21. Qe3 Kh7 22. Nb3 Nxb3 23. axb3 Bc6 24. Ra1 Bh6 25. f4 Rg8 26. Bd3 Qd8 27. h4 Bf8 28. Bxf8 Rxf8 29. b4 Kg7 30. Rc2 Qd7 31. Rf1 Rh8 32. Rcf2 Bb5 33. Bxb5 axb5 34. Ra1 Ra8 35. Rfa2 Ra4 36. Qd3 Rha8 37. Rxa4 bxa4 38. b5 a3 39. Qb1 Qc7 40. Qb3 Qa5 41. Ra2 Kf8 42. Kf2 Ke8 43. Ke3 Kd7 44. Kd3 Kc7 45. c4 Qe1 46. cxd5 Qxg3+ 47. Kc2 Qg2+ 48. Kc3 Qxd5 49. Rxa3 Qf3+ 50. Kb4 Rxa3 51. Qxa3 Qxf4 52. Qc3+ Kd7 53. b6 Qe4 54. Qc7+ Ke8 55. Qc8+ Ke7 56. Qc5+ Ke8 57. Qc8+ 1/2-1/2

[Event "Oceania zt 3.6"]
[Site "Melbourne"]
[Date "2023.01.23"]
[Round "1"]
[White "Herlihy, Brian"]
[Black "Jordan, William J"]
[Result "0-1"]
[WhiteElo "1629"]
[BlackElo "2181"]
[PlyCount "127"]
[EventDate "2023.01.23"]
[EventType "swiss"]
[EventRounds "9"]
[EventCountry "AUS"]
[SourceTitle "CBM 212 Extra"]
[Source "ChessBase"]
[SourceDate "2023.03.31"]
[SourceVersion "1"]
[SourceVersionDate "2023.03.31"]
[SourceQuality "1"]

1. d4 Nf6 2. c4 e6 3. Nc3 d5 4. cxd5 exd5 5. Bg5 c6 6. e3 Nbd7 7. Bd3 Bd6 8. Nge2 Nf8 9. h3 Ng6 10. 0-0 h6 11. Bxf6 Qxf6 12. e4 dxe4 13. Nxe4 Qe7 14. Nxd6+ Qxd6 15. Bxg6 fxg6 16. Ng3 0-0 17. Qd3 Kh7 18. Rad1 Be6 19. b3 Rad8 20. Ne4 Qc7 21. Qc3 Rf5 22. Rfe1 Bd5 23. Ng3 Rf4 24. Re5 Qf7 25. Qe3 Rf8 26. Rd2 Qf6 27. Re2 Qh4 28. Rd2 a5 29. Re7 b6 30. Qe5 R4f7 31. Re2 Rxe7 32. Qxe7 Qxe7 33. Rxe7 Rf7 34. Re8 Ra7 35. Re2 a4 36. Rb2 axb3 37. axb3 Ra3 38. b4 Bc4 39. Ne4 Rd3 40. Nd2 Rxd4 41. Nxc4 Rxc4 42. g3 g5 43. Kf1 Kg6 44. Ke2 Kf5 45. Ke3 Ke5 46. Kd3 b5 47. Re2+ Kf5 48. Rb2 h5 49. Ke3 Ke5 50. Rb3 h4 51. Kd3 Rc1 52. Kd2 Rc4 53. Kd3 Kd5 54. Rb2 Rc1 55. Kd2 Rg1 56. gxh4 gxh4 57. Rb3 Rg6 58. Rc3 Rf6 59. Ke3 Re6+ 60. Kd3 Re5 61. Rc5+ Kd6 62. Rc3 Re1 63. Rb3 Kd5 64. Kd2 0-1

[Event "Perth op"]
[Site "Perth"]
[Date "2023.01.03"]
[Round "2"]
[White "Jordan, William J"]
[Black "Chinguun, Chinbat"]
[Result "1-0"]
[WhiteElo "2181"]
[BlackElo "1787"]
[PlyCount "135"]
[EventDate "2023.01.02"]
[EventType "swiss"]
[EventRounds "11"]
[EventCountry "AUS"]
[SourceTitle "CBM 212 Extra"]
[Source "ChessBase"]
[SourceDate "2023.03.31"]
[SourceVersion "1"]
[SourceVersionDate "2023.03.31"]
[SourceQuality "1"]

1. e4 e6 2. d4 d5 3. e5 c5 4. c3 Nc6 5. Nf3 Qb6 6. a3 Nge7 7. b4 cxd4 8. cxd4 Nf5 9. Be3 Be7 10. Nc3 Bd7 11. Bd3 Nxe3 12. fxe3 0-0 13. 0-0 f5 14. exf6 Bxf6 15. Qc2 h6 16. Na4 Qd8 17. Nc5 Bc8 18. Rac1 Ne7 19. Qe2 b6 20. Nb3 Bb7 21. Bb1 Rc8 22. Qd3 g6 23. Ne5 Bxe5 24. dxe5 Rxc1 25. Rxc1 Qb8 26. Qc3 Nc6 27. Nd4 Nxe5 28. Nxe6 Re8 29. Qc7 Qxc7 30. Nxc7 Rc8 31. Rc3 Rd8 32. Nb5 a6 33. Nd4 Kf7 34. Kf2 Rc8 35. Rxc8 Bxc8 36. Ba2 Be6 37. Ke2 Ng4 38. Kd3 Nf6 39. Bb3 Ng4 40. h3 Ne5+ 41. Kc3 Ke7 42. Nxe6 Kxe6 43. e4 Kd6 44. Bxd5 g5 45. Bc4 a5 46. Be2 Kc6 47. bxa5 bxa5 48. Kd4 Kd6 49. Bh5 Nc6+ 50. Kc4 Ke5 51. Kb5 Nd4+ 52. Kxa5 Kxe4 53. Kb6 Ne6 54. a4 Kd4 55. a5 Nc5 56. a6 Nxa6 57. Kxa6 Ke3 58. Bf3 Kf2 59. Kb5 Kg3 60. Kc4 Kh4 61. Kd4 h5 62. Ke5 g4 63. hxg4 hxg4 64. Bd5 Kg3 65. Kf5 Kh4 66. Kf4 Kh5 67. g3 Kh6 68. Kxg4 1-0

[Event "Adelaide op"]
[Site "Adelaide"]
[Date "2016.08.30"]
[Round "6"]
[White "Wedding, William"]
[Black "Jordan, William J"]
[Result "0-1"]
[WhiteElo "1942"]
[BlackElo "2200"]
[PlyCount "92"]
[EventDate "2016.07.26"]
[EventType "swiss"]
[EventRounds "9"]
[EventCountry "AUS"]
[SourceTitle "EXT 2018"]
[Source "ChessBase"]
[SourceDate "2017.10.13"]
[SourceVersion "1"]
[SourceVersionDate "2017.10.13"]
[SourceQuality "1"]

1. e4 c5 2. Nf3 e6 3. d4 cxd4 4. Nxd4 Nf6 5. Nc3 Nc6 6. Ndb5 d6 7. Bg5 a6 8. Bxf6 gxf6 9. Nd4 Bd7 10. Qd2 Qb6 11. Nb3 Be7 12. 0-0-0 0-0-0 13. g3 Kb8 14. Bg2 Rc8 15. Kb1 Ne5 16. Qd4 Qc7 17. f4 Nc4 18. Rd3 Rhg8 19. Nd2 Nb6 20. Rc1 Bc6 21. Nb3 h5 22. Na5 h4 23. Nxc6+ Qxc6 24. Bh1 hxg3 25. hxg3 Nc4 26. b3 Nb6 27. Ne2 Nd7 28. c4 Qc7 29. b4 Nb6 30. e5 dxe5 31. Qe4 f5 32. Qxe5 Qxe5 33. fxe5 Bxb4 34. Rb3 Bc5 35. a4 Rc7 36. a5 Nd7 37. Rc2 Ka7 38. Rcb2 Rb8 39. Nf4 Bd4 40. Rc2 Nxe5 41. c5 Rxc5 42. Rxc5 Bxc5 43. Nd3 Bd6 44. Nxe5 Bxe5 45. Rd3 Rc8 46. Rd7 Rc7 0-1

[Event "Adelaide op"]
[Site "Adelaide"]
[Date "2016.08.02"]
[Round "2"]
[White "Leaver, Kyle"]
[Black "Jordan, William J"]
[Result "1-0"]
[WhiteElo "1865"]
[BlackElo "2200"]
[PlyCount "151"]
[EventDate "2016.07.26"]
[EventType "swiss"]
[EventRounds "9"]
[EventCountry "AUS"]
[SourceTitle "EXT 2018"]
[Source "ChessBase"]
[SourceDate "2017.10.13"]
[SourceVersion "1"]
[SourceVersionDate "2017.10.13"]
[SourceQuality "1"]

1. d4 Nf6 2. c4 e6 3. Nc3 d5 4. cxd5 exd5 5. Bg5 c6 6. Qc2 Nbd7 7. e3 Be7 8. Bd3 Nf8 9. Nge2 Ng6 10. 0-0-0 Be6 11. h4 Ng4 12. Bxe7 Qxe7 13. h5 Nf8 14. Nf4 h6 15. Rhe1 Qg5 16. Kb1 0-0-0 17. Na4 Nd7 18. Rc1 Kb8 19. Nxe6 fxe6 20. Ba6 Qf5 21. e4 Qxf2 22. Re2 Qxd4 23. Bxb7 Nge5 24. Bxc6 Qc4 25. exd5 exd5 26. Bxd7 Qxc2+ 27. Rcxc2 Nxd7 28. Re7 Rhg8 29. Nc5 Nxc5 30. Rxc5 g6 31. Rb5+ Ka8 32. Rbb7 gxh5 33. Rxa7+ Kb8 34. Rab7+ Ka8 35. Rg7 d4 36. Ra7+ Kb8 37. Rab7+ Ka8 38. Rbd7 Rgf8 39. Rxd8+ Rxd8 40. Kc2 Rd6 41. Kd3 Kb8 42. b4 Ra6 43. Rg8+ Kc7 44. Rg7+ Kc8 45. Kxd4 Rxa2 46. Kc5 Rf2 47. Kb6 Rf6+ 48. Ka7 Rf2 49. b5 Ra2+ 50. Kb6 Rb2 51. Rg8+ Kd7 52. Ka6 Kc7 53. Rg7+ Kb8 54. Kb6 Kc8 55. Rg6 h4 56. Rc6+ Kb8 57. Rxh6 Kc8 58. Rc6+ Kb8 59. Rg6 Kc8 60. Rg8+ Kd7 61. Rg5 Kc8 62. Kc6 Rc2+ 63. Kb6 Rc3 64. Rg6 Rb3 65. Ka6 Ra3+ 66. Kb6 Rb3 67. Rh6 Rb2 68. Rh8+ Kd7 69. Rxh4 Rxg2 70. Kb7 Kd6 71. b6 Rg7+ 72. Ka8 Rg8+ 73. Ka7 Rg1 74. Rh6+ Kd7 75. b7 Ra1+ 76. Ra6 1-0

[Event "AUS-ch"]
[Site "Melbourne"]
[Date "2016.01.03"]
[Round "2"]
[White "Jordan, William J"]
[Black "Maguire, Tom"]
[Result "1-0"]
[WhiteElo "2184"]
[BlackElo "1983"]
[PlyCount "69"]
[EventDate "2016.01.02"]
[EventType "swiss"]
[EventRounds "11"]
[EventCountry "AUS"]
[SourceTitle "CBM 170 Extra"]
[Source "ChessBase"]
[SourceDate "2016.02.25"]
[SourceVersion "1"]
[SourceVersionDate "2016.02.25"]
[SourceQuality "1"]

1. Nf3 d5 2. g3 Nf6 3. Bg2 g6 4. c4 c6 5. d4 Bg7 6. cxd5 cxd5 7. Nc3 Nc6 8. Ne5 Qb6 9. Nxc6 bxc6 10. 0-0 Nd7 11. e3 e5 12. e4 Ba6 13. Re1 0-0 14. exd5 Qxd4 15. dxc6 Nc5 16. Be3 Qxd1 17. Rexd1 Nd3 18. Bf1 Rfd8 19. Rd2 Nb4 20. Rxd8+ Rxd8 21. Bxa6 Nxa6 22. Rd1 Rxd1+ 23. Nxd1 Kf8 24. Nc3 Ke7 25. b4 Kd6 26. b5 Nc7 27. Bxa7 Nxb5 28. Nxb5+ Kxc6 29. a4 e4 30. Bd4 Bh6 31. Kf1 Bd2 32. Ke2 Ba5 33. g4 f5 34. gxf5 gxf5 35. Bc3 1-0

[Event "Melbourne Canterbury op"]
[Site "Melbourne"]
[Date "2014.12.30"]
[Round "7"]
[White "Jordan, William J"]
[Black "Raine, Marcus"]
[Result "1-0"]
[WhiteElo "2233"]
[BlackElo "1983"]
[PlyCount "73"]
[EventDate "2014.12.27"]
[EventType "swiss"]
[EventRounds "7"]
[EventCountry "AUS"]
[SourceTitle "CBM 164 Extra"]
[Source "ChessBase"]
[SourceDate "2015.03.02"]
[SourceVersion "1"]
[SourceVersionDate "2015.03.02"]
[SourceQuality "1"]

1. e4 c5 2. Nc3 e6 3. Nge2 a6 4. a4 d5 5. exd5 exd5 6. d4 Nc6 7. Be3 c4 8. Nf4 Nb4 9. Be2 Bf5 10. Rc1 h6 11. 0-0 Nf6 12. b3 cxb3 13. cxb3 Be7 14. Qd2 0-0 15. h3 Rc8 16. Rfd1 Qa5 17. Bf3 Rfd8 18. g4 Bh7 19. Ncxd5 Nfxd5 20. Nxd5 Bf8 21. Nxb4 Bxb4 22. Qe2 b5 23. axb5 axb5 24. Ra1 Qb6 25. d5 Bc5 26. Rdc1 Bd4 27. Bxd4 Qxd4 28. Qxb5 Be4 29. Rd1 Qe5 30. Qe2 f5 31. gxf5 Re8 32. Re1 Qxf5 33. Bxe4 Qxh3 34. Qf3 Qh4 35. Qf5 Rf8 36. Qh7+ Kf7 37. Ra7+ 1-0

[Event "Melbourne Canterbury op"]
[Site "Melbourne"]
[Date "2014.12.28"]
[Round "4"]
[White "Papin, Vasily"]
[Black "Jordan, William J"]
[Result "1-0"]
[WhiteElo "2502"]
[BlackElo "2233"]
[PlyCount "191"]
[EventDate "2014.12.27"]
[EventType "swiss"]
[EventRounds "7"]
[EventCountry "AUS"]
[SourceTitle "CBM 164 Extra"]
[Source "ChessBase"]
[SourceDate "2015.03.02"]
[SourceVersion "1"]
[SourceVersionDate "2015.03.02"]
[SourceQuality "1"]

1. c4 Nf6 2. g3 c6 3. Nf3 d5 4. Bg2 g6 5. b3 Bg7 6. Bb2 0-0 7. 0-0 Bf5 8. d3 Qc8 9. Re1 Bh3 10. Bh1 Qf5 11. Qc1 Nbd7 12. Qg5 Rfe8 13. Nc3 dxc4 14. bxc4 e5 15. Rab1 Qe6 16. Qc1 h6 17. Ba3 Rab8 18. Nd2 Kh7 19. Nce4 Bf8 20. Bxf8 Rxf8 21. Qa3 Nxe4 22. Nxe4 a6 23. c5 Rfd8 24. Qa5 Qe7 25. Rec1 Bg4 26. Kf1 Be6 27. Bg2 Bd5 28. Nd2 Qe6 29. e4 Bxa2 30. Rb2 Bd5 31. exd5 cxd5 32. Qa2 Qf5 33. Qxd5 Nxc5 34. Rxc5 Rxd5 35. Rxd5 Qc8 36. Ke2 b5 37. Ne4 Qc1 38. Ra2 Rc8 39. Rd7 b4 40. Rxf7+ Kg8 41. Rb7 a5 42. Nf6+ Kf8 43. Nh7+ Ke8 44. Nf6+ Kf8 45. Bd5 Rc7 46. Rxc7 Qxc7 47. Ne4 a4 48. Bc4 Qc6 49. h4 Ke7 50. Ra1 b3 51. Nd2 b2 52. Ra2 e4 53. Rxb2 exd3+ 54. Kxd3 Qd6+ 55. Kc2 Qc6 56. Rb5 a3 57. Ra5 Qb6 58. Rxa3 Qxf2 59. Rf3 Qg2 60. Re3+ Kf6 61. Kd3 Qb7 62. Rf3+ Ke5 63. Rf7 Qg2 64. Re7+ Kf5 65. Re3 g5 66. Be6+ Kf6 67. h5 Qh1 68. Bg4 Qd5+ 69. Ke2 Qb5+ 70. Ke1 Qb8 71. Bd1 Qa7 72. Rf3+ Ke5 73. Bb3 Qa1+ 74. Ke2 Qh1 75. Bf7 g4 76. Re3+ Kf6 77. Bg6 Qg2+ 78. Kd1 Qg1+ 79. Re1 Qd4 80. Rf1+ Ke5 81. Ke2 Ke6 82. Rf4 Qb6 83. Rxg4 Qb5+ 84. Ke1 Kf6 85. Rf4+ Ke6 86. Kf2 Qb2 87. Re4+ Kf6 88. Re2 Qd4+ 89. Kg2 Qd5+ 90. Kh2 Qd4 91. Ne4+ Ke7 92. Nf2+ Kf6 93. Nd3 Qb6 94. Nf4 Qb5 95. Bd3 Qb6 96. Nd5+ 1-0

[Event "Australian Masters-B"]
[Site "Melbourne"]
[Date "2014.12.17"]
[Round "5"]
[White "Smith, Robert Wayne"]
[Black "Jordan, William J"]
[Result "0-1"]
[WhiteElo "2245"]
[BlackElo "2233"]
[PlyCount "182"]
[EventDate "2014.12.13"]
[EventType "tourn"]
[EventRounds "9"]
[EventCountry "AUS"]
[SourceTitle "EXT 2016"]
[Source "ChessBase"]
[SourceDate "2015.10.08"]
[SourceVersion "1"]
[SourceVersionDate "2015.10.08"]
[SourceQuality "1"]

1. e4 c5 2. Nf3 d6 3. d4 Nf6 4. Nc3 cxd4 5. Nxd4 g6 6. g3 Nc6 7. Nde2 Bg7 8. Bg2 0-0 9. 0-0 Rb8 10. a4 a6 11. h3 b5 12. axb5 axb5 13. Be3 b4 14. Nd5 Nd7 15. Nd4 Bb7 16. Qd2 Nc5 17. Rfe1 b3 18. c3 Ne5 19. Qe2 Ned3 20. Red1 e6 21. Nb4 Nxb4 22. cxb4 Nxe4 23. Nxb3 Bd5 24. Nd2 Nf6 25. b5 Bxg2 26. Kxg2 Nd5 27. Ba7 Bxb2 28. Bxb8 Qxb8 29. Ne4 Bxa1 30. Rxa1 Qb7 31. Kh2 Rd8 32. Ra6 Nb6 33. Qd3 Qc7 34. Qd4 Nd5 35. Ra7 Qb8 36. Nf6+ Nxf6 37. Qxf6 Rf8 38. Qe7 Qxb5 39. Qxd6 Qf5 40. Qd4 Qf3 41. Qc5 Rd8 42. Ra3 Qd5 43. Qe7 Kg7 44. Qb4 h5 45. h4 e5 46. Qe1 Re8 47. Qe3 Qd4 48. Rd3 Qxe3 49. Rxe3 Kf6 50. Ra3 Rb8 51. Ra2 Kf5 52. Kg2 Rb4 53. Rc2 g5 54. hxg5 Kxg5 55. Rc8 h4 56. Rg8+ Kf5 57. Rf8 f6 58. Rh8 hxg3 59. Kxg3 Rb3+ 60. Kg2 Kf4 61. Rh1 Kg5 62. Rh8 Ra3 63. Rf8 f5 64. Rg8+ Kf4 65. Rh8 e4 66. Rh4+ Ke5 67. Rh5 Rf3 68. Rh8 Kd4 69. Rd8+ Ke5 70. Rh8 Rb3 71. Rh5 Rb2 72. Kg3 Rb8 73. Kg2 Kf4 74. Rh4+ Kg5 75. Rh7 Rg8 76. Kf1 Kg4 77. Ke2 Ra8 78. Rg7+ Kf4 79. Rg3 Ra2+ 80. Kf1 Ke5 81. Rg8 f4 82. Rg5+ Kd4 83. Rg8 Ra1+ 84. Kg2 f3+ 85. Kh2 Kd3 86. Re8 Ke2 87. Rxe4+ Kxf2 88. Rb4 Kf1 89. Rb7 f2 90. Re7 Re1 91. Rf7 Ke2 0-1

[Event "AUS-ch"]
[Site "Melbourne"]
[Date "2014.01.04"]
[Round "4"]
[White "Jordan, William J"]
[Black "Vlietstra, Marc D"]
[Result "1-0"]
[WhiteElo "2270"]
[BlackElo "2035"]
[PlyCount "73"]
[EventDate "2014.01.02"]
[EventType "swiss"]
[EventRounds "11"]
[EventCountry "AUS"]
[SourceTitle "CBM 158 Extra"]
[Source "ChessBase"]
[SourceDate "2014.02.28"]
[SourceVersion "1"]
[SourceVersionDate "2014.02.28"]
[SourceQuality "1"]

1. e4 c5 2. Nf3 d6 3. Bc4 Nc6 4. 0-0 Nf6 5. Qe2 Bg4 6. c3 Ne5 7. Nxe5 dxe5 8. Qe3 Qc7 9. d3 g6 10. b4 b6 11. bxc5 Qxc5 12. Qxc5 bxc5 13. Be3 Rc8 14. Na3 Bd7 15. f3 e6 16. Rab1 Bd6 17. Ba6 Rc6 18. Bb5 Rb6 19. Nc4 Bxb5 20. Rxb5 Rc6 21. Nxd6+ Rxd6 22. Bxc5 Rxd3 23. Rb8+ Rd8 24. Rbb1 Nd7 25. Rfd1 a5 26. Ba3 h5 27. Rb7 Rh7 28. Kf2 f5 29. Rd6 Nf8 30. Rxd8+ Kxd8 31. Rb8+ Kc7 32. Rxf8 fxe4 33. fxe4 Kc6 34. Ke2 Kb5 35. Bd6 Ka4 36. Ra8 Rb7 37. Bb4 1-0

[Event "Melbourne Cup Weekend"]
[Site "Melbourne"]
[Date "2013.11.02"]
[Round "2"]
[White "Jordan, William J"]
[Black "Kalisch, Tom"]
[Result "1-0"]
[WhiteElo "2242"]
[BlackElo "1918"]
[PlyCount "53"]
[EventDate "2013.11.01"]
[EventType "swiss"]
[EventRounds "9"]
[EventCountry "AUS"]
[SourceTitle "EXT 2014"]
[Source "ChessBase"]
[SourceDate "2013.11.20"]
[SourceVersion "1"]
[SourceVersionDate "2013.11.20"]
[SourceQuality "1"]

1. e4 e6 2. d4 d5 3. e5 c5 4. c3 Qb6 5. Nf3 Bd7 6. Na3 cxd4 7. cxd4 Nc6 8. Be2 Bb4+ 9. Kf1 Nh6 10. Nc2 Be7 11. Rb1 Nf5 12. g4 Nh4 13. Nxh4 Bxh4 14. Be3 0-0 15. g5 Ne7 16. Rg1 Ng6 17. Ne1 Kh8 18. Nf3 Bxf2 19. Kxf2 f6 20. gxf6 gxf6 21. Bd3 fxe5 22. Bxg6 e4 23. Bh5 Be8 24. Bh6 Bxh5 25. Bg7+ Kg8 26. Bxf8+ Kxf8 27. Ne5 1-0

[Event "Melbourne Cup Weekend"]
[Site "Melbourne"]
[Date "2013.11.02"]
[Round "3"]
[White "Solomon, Stephen J"]
[Black "Jordan, William J"]
[Result "0-1"]
[WhiteElo "2401"]
[BlackElo "2242"]
[PlyCount "124"]
[EventDate "2013.11.01"]
[EventType "swiss"]
[EventRounds "9"]
[EventCountry "AUS"]
[SourceTitle "EXT 2014"]
[Source "ChessBase"]
[SourceDate "2013.11.20"]
[SourceVersion "1"]
[SourceVersionDate "2013.11.20"]
[SourceQuality "1"]

1. e4 c6 2. d4 d5 3. Nd2 g6 4. e5 h5 5. Ndf3 Nh6 6. c4 Bg7 7. Bf4 Na6 8. Qd2 Nc7 9. Rc1 dxc4 10. Bxc4 Be6 11. b3 Nf5 12. Ne2 Qd7 13. Ng5 Bd5 14. 0-0 Rd8 15. Rfd1 0-0 16. Bxd5 Nxd5 17. Nf3 Nxf4 18. Nxf4 Bh6 19. h4 Ng7 20. Ng5 Qg4 21. g3 Nf5 22. Qe2 Nxd4 23. Qxg4 hxg4 24. Kg2 Bxg5 25. hxg5 Nf3 26. Rh1 e6 27. Rh4 Nxh4+ 28. gxh4 Rd2 29. a4 Rfd8 30. Rc3 R8d4 31. Kg3 Kf8 32. a5 a6 33. f3 gxf3 34. Rxf3 Ke7 35. h5 gxh5 36. g6 Rxf4 37. Kxf4 fxg6 38. Kg5 Rd5 39. Kxg6 Rxe5 40. Rf7+ Kd6 41. Rxb7 Rxa5 42. Rb4 Rb5 43. Rd4+ Ke5 44. Ra4 Rxb3 45. Kxh5 Rg3 46. Ra5+ Kd6 47. Kh4 Rg8 48. Rxa6 e5 49. Ra1 e4 50. Rd1+ Ke5 51. Rc1 Rg6 52. Kh5 Re6 53. Kg4 Rg6+ 54. Kh5 Rg8 55. Rxc6 e3 56. Rc7 Kf4 57. Rf7+ Kg3 58. Re7 Kf2 59. Rf7+ Ke1 60. Kh4 e2 61. Rd7 Re8 62. Kh3 Kf2 0-1

[Event "AUS-ch Major"]
[Site "Geelong"]
[Date "2012.01.02"]
[Round "6"]
[White "Chen, Pengyu"]
[Black "Jordan, William J"]
[Result "1/2-1/2"]
[WhiteElo "2094"]
[BlackElo "2267"]
[PlyCount "72"]
[EventDate "2011.12.27"]
[EventType "swiss"]
[EventRounds "11"]
[EventCountry "AUS"]
[SourceTitle "CBM 146 Extra"]
[Source "ChessBase"]
[SourceDate "2012.02.29"]
[SourceVersion "1"]
[SourceVersionDate "2012.02.29"]
[SourceQuality "1"]

1. e4 c5 2. Nf3 Nc6 3. d4 cxd4 4. Nxd4 Qc7 5. Nc3 e6 6. Be3 a6 7. Bd3 b5 8. 0-0 Bb7 9. Qe2 Rc8 10. a4 b4 11. Nb1 Nxd4 12. Bxd4 a5 13. Nd2 Nf6 14. e5 Qc6 15. f3 Nd5 16. Ne4 Nf4 17. Qe3 Nxd3 18. cxd3 Be7 19. Rfc1 Qd5 20. Rxc8+ Bxc8 21. f4 Bb7 22. Bc5 f5 23. Bxe7 fxe4 24. dxe4 Qxe4 25. Qxe4 Bxe4 26. Bd6 Kf7 27. Rc1 Bc6 28. Rc5 Ra8 29. Bc7 b3 30. Rxa5 Rxa5 31. Bxa5 Kg6 32. g4 h5 33. h3 Bxa4 34. Kf2 Bb5 35. Kg3 Be2 36. Kh4 hxg4 1/2-1/2

[Event "AUS-ch Major"]
[Site "Geelong"]
[Date "2011.12.29"]
[Round "3"]
[White "Zelesco, Karl"]
[Black "Jordan, William J"]
[Result "0-1"]
[WhiteElo "1976"]
[BlackElo "2267"]
[PlyCount "74"]
[EventDate "2011.12.27"]
[EventType "swiss"]
[EventRounds "11"]
[EventCountry "AUS"]
[SourceTitle "CBM 146 Extra"]
[Source "ChessBase"]
[SourceDate "2012.02.29"]
[SourceVersion "1"]
[SourceVersionDate "2012.02.29"]
[SourceQuality "1"]

1. e4 Nf6 2. e5 Nd5 3. d4 d6 4. Nf3 Bg4 5. Be2 e6 6. h3 Bh5 7. 0-0 Nc6 8. c4 Nb6 9. b3 Be7 10. Bb2 0-0 11. Nbd2 a5 12. Ne4 a4 13. exd6 cxd6 14. d5 Bg6 15. dxc6 Bxe4 16. Qd4 Bf6 17. Qxe4 Bxb2 18. cxb7 Rb8 19. Rab1 d5 20. Qc2 a3 21. c5 Qc7 22. Bd3 Nd7 23. b4 Nf6 24. Ba6 Ne4 25. Nd2 f5 26. Rxb2 axb2 27. Nxe4 fxe4 28. b5 e3 29. c6 Rxf2 30. Rxf2 exf2+ 31. Kxf2 Qf4+ 32. Ke2 Qc1 33. Kd3 b1Q 34. Qxb1 Qxb1+ 35. Kd4 Qb4+ 36. Ke5 Rd8 37. Kxe6 Qe4# 0-1